La sed como azote de Dios.
Guardado en:
| Formato: | |
|---|---|
| Series: | La Aventura del Hombre
|
| Materias: | |
| Etiquetas: |
Agregar Etiqueta
Sin Etiquetas, Sea el primero en etiquetar este registro!
|
| LEADER | 01024ngm a22003135g 4500 | ||
|---|---|---|---|
| 001 | CEM.cems021687 | ||
| 008 | 130507b1992##################0###0#####d | ||
| 005 | 20240904135426.0 | ||
| 245 | 0 | 0 | |a La sed como azote de Dios. |
| 300 | |a 23 | ||
| 490 | 0 | |a La Aventura del Hombre | |
| 500 | |a En soporte VHS, consultar en ventanilla. | ||
| 505 | 0 | |a La falta de agua en pueblos cercanos al Sahara. Tuaregs y pueblos nómades. Egipto y el Nilo. Inundaciones anuales. Presa de Assuan. Transporte de los monumentos antiguos. | |
| 538 | |a Soporte: VHS - Norma: Pal N - Color - Grabación DRD 1992 - Hitachi=0000 | ||
| 082 | 9 | 1 | |/ SED |
| 653 | |a AFRICA-GEOGRAFIA | ||
| 653 | |a SAHARA | ||
| 653 | |a GEOGRAFIA HUMANA | ||
| 653 | |a DESIERTOS | ||
| 653 | |a EGIPTO | ||
| 653 | |a NILO | ||
| 653 | |a AGUA | ||
| 653 | |a TIERRA | ||
| 653 | |a SED | ||
| 653 | |a TUAREGS | ||
| 653 | |a PRESA DE ASSUAN | ||
| 653 | |a PUEBLOS NOMADES | ||
| 653 | |a NIVEL SECUNDARIO | ||
| 859 | |a CEMS |b BIB. CEMS - Depto. Recursos Didacticos |h 910 |i SED |k DRD |p 330.12 |t Ej.1 | ||
